| 000 | 00514nam a2200145Ia 4500 | ||
|---|---|---|---|
| 008 | 100204s9999 xx 000 0 und d | ||
| 082 | _b486 | ||
| 100 | _aकुलकर्णी श्यामकांत | ||
| 245 | _aदूर गेलेल्या नौका | ||
| 260 |
_b"प्रपंच पंकाशन , पुणे" _c1977 |
||
| 300 | _a143 | ||
| 630 | _aदूर गेलेल्या नौका | ||
| 730 | _aदूर गेलेल्या नौका | ||
| 942 | _cBOOK | ||
| 999 |
_c445681 _d445678 |
||